Countries within 500km of Ukraine - Statistics

General Stats
  • This quiz has been taken 35 times
  • The average score is 18 of 19
Answers on the Map
Answers color-coded by a green-red scale on the quiz's map according to % correct below.
 
Answer Stats
Answer % Correct
Belarus
100%
Latvia
100%
Lithuania
100%
Moldova
100%
Romania
100%
Russia
100%
Serbia
100%
Slovakia
100%
Bulgaria
97%
Croatia
97%
Czech Republic
97%
Hungary
97%
Poland
97%
Turkiye
97%
Austria
94%
Bosnia and Herzegovina
94%
Greece
94%
Slovenia
94%
Georgia
73%
No matching quizzes found
Score Distribution
Percent of People with Each Score
Percentile by Number Answered
Your Score History
You have not taken this quiz